Euros 2024 Germany Squad - Statistics

General Stats
  • This quiz has been taken 512 times
  • The average score is 18 of 27
Answer Stats
Pos Club Answer % Correct
GK Bayern Manuel Neuer
99%
GK Barcelona Marc Andre Ter Stegen
96%
DF Real Madrid Antonio Rudiger
93%
FW Arsenal Kai Havertz
91%
MF Real Madrid Toni Kroos
90%
MF Leverkusen Florian Wirtz
87%
MF Bayern Jamal Musiala
86%
DF Bayern Joshua Kimmich
83%
MF Barcelona Ilkay Gundogan
82%
DF Leverkusen Jonathan Tah
79%
MF Bayern Leroy Sane
76%
FW Bayern Thomas Muller
74%
FW Dortmund Niclas Fullkrug
72%
MF Brighton Pascal Gross
65%
DF Dortmund Nico Schlotterbeck
63%
MF Leverkusen Robert Andrich
62%
DF Leipzig David Raum
53%
GK Hoffenheim Oliver Baumann
53%
FW Stuttgart Deniz Undav
51%
DF Stuttgart Maximilian Mittelstadt
50%
GK Stuttgart Alexander Nubel
46%
MF Bayern Aleksandar Pavlovic
41%
DF Stuttgart Waldemar Anton
37%
FW Hoffenheim Maximilian Beier
36%
DF Leipzig Benjamin Henrichs
35%
DF Frankfurt Robin Koch
33%
MF Stuttgart Chris Fuhrich
30%
No matching quizzes found
Score Distribution
Percent of People with Each Score
Percentile by Number Answered
Your Score History
You have not taken this quiz